000 00964cab a2200265 4500
001 WB3219-65
008 090401t1996 xxu||||| |||| 00| 0 eng d
035 _a(Sirsi) u2076
041 _aeng
245 _a`Green` tax plan to be examined
260 _c1996
350 _a0
490 _aFinancial Times
_v14 May 1996, 9(1)
520 _aThe Labour Party is to consider a report to be published by the Institute for Public Policy Research that suggests raising landfill tax rates and introducing taxes on waste incineration, quarrying virgin aggregates, and commercial and industrial energy, in order to cut National Insurance contributions.
650 _aINSTITUTE FOR PUBLIC POLICY RESEARCH
650 _aLABOUR PARTY
650 _aLANDFILL TAX
650 _aNATIONAL INSURANCE
650 _aQUARRYING
650 _aWASTE INCINERATION
690 _aENVIRONMENTAL AND LAND CONSULTANCY
690 _aTAXATION
942 _n0
948 _c04/03/1997
999 _c1242
_d1242